Física & Química passo a passo: 9º ano

Saved in:
Bibliographic Details
Main Author: Ferreira, Adelina Figueiredo
Other Authors: Matos, Isabel Vilela Matos, José Manuel
Format: Unknown
Language:Portuguese
Published: Lisboa O Livro D.L. 1996
Textbook Catalogue:MANES:  Library Catalog Search Result
Textbook Classification:
Tags: Add Tag
No Tags, Be the first to tag this record!
Added to:2016-04-26
Changed in:2025-04-25

MARC

LEADER 000000000a22000000004500
001 29024
003 OSt
005 20250425111508.0
008 160427s pt ||||| |||| 00| 0 por d
040 |c centro_manes 
041 1 |a por 
100 1 |a Ferreira, Adelina Figueiredo  |9 15966 
245 0 0 |a Física & Química passo a passo: 9º ano 
260 3 |a Lisboa  |b O Livro  |c D.L. 1996 
300 |a 304 p.;  |c 27 cm ; 
500 |a Bibliografia, p. 304  |a Livro do professor 
505 0 |a livro do professor (16 p.) 
561 |5 pt-BNP  |a Portugal. Biblioteca Nacional de Portugal  |k MANES 
691 |a SE 
690 |a FQ 
700 1 |a Matos, Isabel Vilela  |9 15967  |a Matos, José Manuel  |9 15968 
942 |2 ddc  |c BK 
546 |a Portugal 
999 |c 30486  |d 30486 
999 |c manes:30486  |d 30486